Pedestals in The Binding of Isaac Repentance+ - Statistics

General Stats
  • This quiz has been taken 28 times
    27 since last reset
  • The average score is 9 of 23
Answer Stats
Type Answer % Correct
Consumable XVII - The Stars?
76%
Consumable VII - The Lovers?
68%
Active Alabaster Box
64%
Active Eden's Soul
60%
Trinket Butter!
56%
Active Mystery Gift
56%
Consumable 0 - The Fool?
52%
Trinket Bag Lunch
48%
Trinket Wish Bone
48%
Consumable Suicide King
44%
Active Pandora's Box
40%
Active Sacrificial Altar
40%
Active Magic Skin
36%
Trinket Modeling Clay
36%
Trinket Error
32%
Active Lemegeton
32%
Passive Bum Friend
28%
Active Metronome
28%
Passive Lost Soul
24%
Active Bag of Crafting
20%
Active Everything Jar
20%
Passive Sanguine Bond
12%
Trinket Temporary Tattoo
4%
No matching quizzes found
Score Distribution
Percent of People with Each Score
Percentile by Number Answered
Your Score History
You have not taken this quiz since the last reset